| 000 | 00000nas##2200000za#4500 |
| 001 | 9.503221 |
| 003 | CaOODSP |
| 005 | 20200325121823 |
| 007 | cr ||||||||||| |
| 008 | 150406c2000||||xxc|| p o||||f| |0fre|d |
| 040 | |aCaOODSP|bfre |
| 043 | |an-cn--- |
| 086 | 1 |aFo29-53F-PDF |
| 110 | 1 |aCanada.|bRessources naturelles Canada. |bService canadien des forêts. |
| 245 | 10|aInnovations : |h[ressource électronique]|ble bulletin du Réseau canadien de forêts modèles / |c[publié par le] Réseau canadien de forêts modèles. |
| 260 | |aOttawa - Ontario : |bRessources naturelles Canada. |c2000-. |
| 310 | |aIrrégulier |
| 362 | 1 |aSept. 2000- |
| 691 | 07|aForêt modèle|2gcpds |
| 775 | 08|tInnovations : |w(CaOODSP)9.506825 |
| 776 | 0#|tInnovations : |w(CaOODSP)9.513027 |